00486nam a22001337a 4500003000400000008004100004020001800045082001700063245008300080260005600163300001400219650009800233700002100331OSt260602b |||||||| |||| 00| 0 eng d a9789353874001 a664.07bA39F aFundamentals of Food Quality, Safety & Analysis/bby Syed Mazar Ali...[et al.] aNew Delhi:bSatish Serial Publishing House, c2026. ax, 350 p. aTechnology (Applied Sciences) | Chemical and Related Technologies | Food Technology | Quality aAli, Syed Mazar